| 000 | 00683nam a22001937a 4500 | ||
|---|---|---|---|
| 003 | OSt | ||
| 005 | 20220907165945.0 | ||
| 008 | 220907b |||||||| |||| 00| 0 eng d | ||
| 040 | _cBiblioteca Lado V | ||
| 082 |
_a741.572 _bOL45ll |
||
| 100 | _aOlguinzapata, Jazael | ||
| 245 |
_aLloverá sobre Egipto después del fin del mundo/ _bTal cual y 'como' lo conocemos 'ahora'/ |
||
| 260 |
_aMexico _bCrater invertido _c2019 |
||
| 300 |
_a46p. _c20x26cm |
||
| 650 |
_2Tesauro de Arte & Arquitectura _aART COMIC BOOK |
||
| 650 |
_2Tesauro de Arte & Arquitectura _aMEXICO |
||
| 650 |
_2Tesauro de Arte & Arquitectura _aCRITICA |
||
| 942 |
_2ddc _c1 _h741.572 OL45ll _n0 |
||
| 999 |
_c1941 _d1941 |
||